Výstava Ľ. Csordáka v Košiciach

Rozšírená správa o otvorení výstavy Ľ. Čordáka 10.5.1934 v Košiciach, na ktorej sú vystavované obrazy od čias Čordákových štúdií v 90. rokoch 19 stor. v Prahe

Bibliographic Details
Format: Article
Language:Slovak
Subjects:

MARC

LEADER 00000nab a22000001a 4500
001 vtls008997414
003 SK-MaSNL
005 20260303065806.0
008 070608d19340513xo |r|p|||| |000 b|slo
015 |a SNBRRBVU1918-1938 
038 |a SNKBUCL 
038 |a SNKBUVU 
040 |a SNKBUVU  |b slo  |c SNKBUCL  |e AACR2 
041 0 |a slo 
044 |a xo  |c SK 
080 |a 75.071.1:061.4  |2 1997 
245 0 0 |a Výstava Ľ. Csordáka v Košiciach 
500 |a V rubrike Z kultúrneho života 
520 |a Rozšírená správa o otvorení výstavy Ľ. Čordáka 10.5.1934 v Košiciach, na ktorej sú vystavované obrazy od čias Čordákových štúdií v 90. rokoch 19 stor. v Prahe 
600 1 7 |a Čordák, Ľudovít,  |d 1864-1937  |2 MM  |9 38226 
648 7 |a 1934  |2 MM  |9 281683 
650 0 7 |a slovenské maliarstvo  |2 MM  |9 3124 
650 0 7 |a výstavy  |2 snkbucl  |9 2780 
651 7 |a Košice (Slovensko)  |2 MM  |9 18694 
773 0 |t Slovenský denník  |g Roč. 17, č. 109 (13.5.1934), s. 5 
852 |a SNK  |b KIS3GCP 
910 |a snkrbvumm 
958 |a VY 
999 |c 1752725  |d 1754655